Planches de catégorisation (Record no. 145)
[ view plain ]
| 000 -LEADER | |
|---|---|
| Leader | 01549noc a22001937a 4500 |
| 003 - IDENTIFIANT DE NUMÉRO DE CONTRÔLE | |
| champ de contrôle | OSt |
| 005 - DATE ET HEURE DE LA DERNIÈRE TRANSACTION | |
| champ de contrôle | 20250527140216.0 |
| 007 - CHAMP FIXE DE DESCRIPTION PHYSIQUE -- INFORMATIONS GENERALES | |
| Leader | ou |
| 008 - Éléments de longueur fixe - Renseignements généraux | |
| Leader | 250403b |||||||| |||| 0| i fre d |
| 040 ## - SOURCE DE CATALOGAGE | |
| Agence transcriptrice | autismepaimpol.fr |
| 100 ## - Auteur - Autrice | |
| Auteur | Autisme et Apprentissages |
| 245 ## - Titre | |
| Titre | Planches de catégorisation |
| 246 ## - Pour qui ? Pour quoi ? | |
| Pour quoi ? Pour qui ? | Pour acquérir des compétences en vocabulaire / en reconnaissance globale de mots / des compétences en logique et en catégorisation & aussi travailler le langage et la reconnaissance globale de mots" |
| 856 ## - Emplacement et accès électroniques | |
| URL | <a href="http://www.autisme-apprentissages.org/epages/274916.sf/fr_FR/?ObjectPath=/Shops/274916/Categories/%22Le%20langage%22/La_categorisation">http://www.autisme-apprentissages.org/epages/274916.sf/fr_FR/?ObjectPath=/Shops/274916/Categories/%22Le%20langage%22/La_categorisation</a> |
| Texte | Cliquez ici pour consulter le site de Autisme et Apprentissages |
| 942 ## - Type d'objet | |
| Type d'objet | Cartes Photo |
| 500 ## - Description | |
| Description | Les catégories sont impliquées dans toutes les activités cognitives, des plus simples aux plus complexes.<br/>Savoir catégoriser permet donc de réussir un grand nombre de tâches scolaires et de situations de la vie quotidienne. |
| 520 ## - Abrégé | |
| Abrégé | L’enfant acquiert :<br/>- des compétences en vocabulaire, en reconnaissance globale de mots puisqu’en dessous de chaque image, le mot est écrit<br/>- des compétences en logique et en catégorisation<br/> |
| 562 ## - NOTE D'IDENTIFICATION DE L'EXEMPLAIRE ET DE LA VERSION | |
| Format de présentation | 7 planches A3 reprennent l’essentiel des classifications, il s’agit de proposer à l’enfant des images issues de plusieurs thèmes afin qu’il fasse lui-même le tri des images par catégories.<br/>- A la ferme<br/>- La cuisine<br/>- Les fruits<br/>- Les moyens de transport<br/>- A la maison<br/>- A l'école<br/>- A la salle de bains |
| 999 ## - | |
| -- | 145 |
| -- | 145 |
| Statut retiré des collections | Statut perdu | Source de classification / plan de classement | Statut endommagé | Exclu du prêt | Site de rattachement | Site actuel | Date d'acquisition | Total des prêts | Code à barres | Vu en dernier | Prix effectif de | Type de document Koha |
|---|---|---|---|---|---|---|---|---|---|---|---|---|
| Classification décimale de Dewey | Autisme Paimpol - Matériel | Autisme Paimpol - Matériel | 11/03/2025 | 82 | 11/03/2025 | 11/03/2025 | Cartes Photo |